[Event "European Senior Team Championship 2014"]
[Site "Sibenik"]
[Date "2014.04.02"]
[Round "2.13"]
[White "Nordenstrom, Sven"]
[Black "Hallerod, Ralph"]
[Result "0-1"]
[WhiteElo "1993"]
[BlackElo "2086"]
[PlyCount "114"]
[EventDate "2014.04.01"]

1. Nf3 Nf6 2. d4 g6 3. Bf4 Bg7 4. h3 c5 5. e3 O-O 6. Be2 cxd4 7. exd4 Qb6 8.
Bc1 Qc7 9. c3 a6 10. O-O b5 11. Ne5 d6 12. Ng4 Nxg4 13. Bxg4 Bxg4 14. Qxg4 Nd7
15. Qe2 Nb6 16. Nd2 b4 17. cxb4 Bxd4 18. Nf3 Bg7 19. Bg5 Rfe8 20. Rac1 Qb7 21.
Rfd1 d5 22. b5 e6 23. b3 Nc8 24. Rc5 axb5 25. Rcxd5 h6 26. Bh4 g5 27. Bg3 Ne7
28. Rxb5 Qa6 29. a4 Nd5 30. Qc2 Nc3 31. Rd6 Qa7 32. Rbb6 Rac8 33. Rbc6 Rxc6 34.
Rxc6 Qa5 35. Bc7 Qb4 36. Rc4 Qb7 37. Be5 Nd5 38. Bxg7 Kxg7 39. h4 f6 40. h5 Qf7
41. g4 f5 42. Qb2+ Kg8 43. Ne5 Qf6 44. Qe2 Nf4 45. Qe3 Rd8 46. Rc5 fxg4 47.
Nxg4 Qa1+ 48. Kh2 Qf1 49. Qf3 Rf8 50. Rc7 e5 51. Nxh6+ Kh8 52. Nf7+ Kg8 53.
Nh6+ Kh8 54. Qe4 Qxf2+ 55. Kh1 Qh4+ 56. Kg1 Nh3+ 57. Kh2 Rf2+ 0-1

[Event "European Senior Team Championship 2014"]
[Site "Sibenik"]
[Date "2014.04.02"]
[Round "2.13"]
[White "Carlsson, Ingvar"]
[Black "Sandklef, Ake"]
[Result "1-0"]
[WhiteElo "2064"]
[BlackElo "1948"]
[PlyCount "57"]
[EventDate "2014.04.01"]

1. e4 e6 2. d3 c5 3. g3 Nc6 4. Bg2 g6 5. Nc3 Bg7 6. Be3 d6 7. Qd2 Qa5 8. f4 Nf6
9. h3 Bd7 10. Nf3 Rb8 11. O-O O-O 12. Qf2 b6 13. g4 Ne8 14. f5 Bxc3 15. bxc3
Qxc3 16. Bh6 Ng7 17. Bd2 Qxc2 18. f6 Ne8 19. Qh4 Qxd3 20. Bh6 Qxe4 21. Rae1 Qc4
22. Kh1 Ne5 23. Rxe5 dxe5 24. Bxf8 Nxf6 25. Qxf6 Rxf8 26. Nxe5 Qb5 27. g5 Be8
28. Ng4 h5 29. gxh6 1-0

[Event "European Senior Team Championship 2014"]
[Site "Sibenik"]
[Date "2014.04.02"]
[Round "2.13"]
[White "Johansson, Per"]
[Black "Ekelund, Kurt"]
[Result "0-1"]
[WhiteElo "1945"]
[BlackElo "2040"]
[PlyCount "82"]
[EventDate "2014.04.01"]

1. d4 Nf6 2. Nf3 g6 3. c4 Bg7 4. g3 O-O 5. Bg2 d6 6. O-O Nc6 7. Nc3 a6 8. Bf4
Rb8 9. Rc1 Bg4 10. h3 Bxf3 11. Bxf3 Nd7 12. Be3 e5 13. d5 Nd4 14. Qd2 Nf5 15.
Bg5 f6 16. Be3 Nxe3 17. Qxe3 f5 18. Qd2 e4 19. Bg2 Qf6 20. f4 exf3 21. exf3
Rbe8 22. f4 Qd4+ 23. Qxd4 Bxd4+ 24. Kh2 Re3 25. Rfd1 Bxc3 26. Rxc3 Rxc3 27.
bxc3 Re8 28. Rd2 Re3 29. Rc2 Nc5 30. Kg1 Nd3 31. Kh2 Ne1 32. Rb2 b6 33. Bf1 Rf3
34. Bg2 Nxg2 35. Kxg2 Rxc3 36. c5 Rxc5 37. Rd2 Kf7 38. g4 fxg4 39. hxg4 Rc3 40.
g5 b5 41. Kf2 a5 0-1

[Event "European Senior Team Championship 2014"]
[Site "Sibenik"]
[Date "2014.04.02"]
[Round "2.14"]
[White "Kauko, Pekka"]
[Black "Morris, Charles F"]
[Result "1-0"]
[WhiteElo "2013"]
[BlackElo "2142"]
[PlyCount "69"]
[EventDate "2014.04.01"]

1. d4 d5 2. c4 e6 3. Nf3 c5 4. e3 Nc6 5. Nc3 Nf6 6. Be2 Be7 7. O-O O-O 8. b3
cxd4 9. exd4 Ne4 10. Bb2 f5 11. Ne5 Bb4 12. Nxe4 fxe4 13. Rc1 Ne7 14. a3 Bd6
15. f3 exf3 16. Rxf3 Rxf3 17. Bxf3 Bd7 18. Qe2 Rc8 19. Bg4 Bxe5 20. Qxe5 Rc6
21. Re1 Ng6 22. Qe3 Nf8 23. Bf3 Bc8 24. a4 Rc7 25. Ba3 dxc4 26. d5 cxb3 27.
Qxb3 Qh4 28. Qe3 Qxa4 29. Bh5 g6 30. Rf1 Qe8 31. Rxf8+ Qxf8 32. Bxf8 Kxf8 33.
Bf3 exd5 34. Bxd5 b6 35. Qf4+ 1-0

[Event "European Senior Team Championship 2014"]
[Site "Sibenik"]
[Date "2014.04.02"]
[Round "2.14"]
[White "Powell, Lloyd"]
[Black "Alkkiomaki, Jyrki"]
[Result "1-0"]
[WhiteElo "2132"]
[BlackElo "1957"]
[PlyCount "85"]
[EventDate "2014.04.01"]

1. d4 d5 2. c4 e6 3. Nf3 c5 4. cxd5 exd5 5. g3 Nf6 6. Bg2 Nc6 7. O-O Be7 8. Nc3
O-O 9. Bg5 cxd4 10. Nxd4 h6 11. Be3 Re8 12. Rc1 Bf8 13. Nxc6 bxc6 14. Na4 Qa5
15. Bc5 Bg4 16. f3 Bd7 17. Bxf8 Kxf8 18. Re1 Rab8 19. b3 Re3 20. Qd4 Rbe8 21.
Kf2 R3e7 22. e3 Kg8 23. Bf1 Qc7 24. Bd3 Rc8 25. Re2 Be8 26. Rec2 Qd6 27. Nc5
Rcc7 28. b4 h5 29. Rc3 Qe5 30. Nb3 Qe6 31. Bc2 g5 32. Nc5 Qh3 33. Kg1 Nd7 34.
Nxd7 Bxd7 35. Qd3 Re6 36. Qh7+ Kf8 37. Bf5 g4 38. fxg4 Rf6 39. Bxd7 Rxd7 40.
Qh8+ Ke7 41. Rxc6 Rxc6 42. Rxc6 Qxg4 43. Qf6+ 1-0

[Event "European Senior Team Championship 2014"]
[Site "Sibenik"]
[Date "2014.04.02"]
[Round "2.14"]
[White "Rantanen, Veikko"]
[Black "Miles, Richard"]
[Result "1-0"]
[WhiteElo "1927"]
[BlackElo "2065"]
[PlyCount "55"]
[EventDate "2014.04.01"]

1. e4 c5 2. Nf3 e6 3. a3 b6 4. d4 cxd4 5. Nxd4 a6 6. Nc3 Qc7 7. Bd3 Nf6 8. Be3
Bb7 9. Qe2 Be7 10. O-O O-O 11. Bg5 d6 12. Kh1 Nbd7 13. f3 Rfe8 14. Bh4 Nxe4 15.
fxe4 Bxh4 16. Rxf7 Kxf7 17. Qh5+ Ke7 18. Qxh4+ Nf6 19. Qh3 Kf7 20. Rf1 Qc5 21.
Nf3 Qh5 22. Qg3 e5 23. Bc4+ Ke7 24. Qxg7+ Kd8 25. Qxf6+ Re7 26. Qxd6+ Ke8 27.
Nd5 Bxd5 28. Bxd5 1-0

[Event "European Senior Team Championship 2014"]
[Site "Sibenik"]
[Date "2014.04.02"]
[Round "2.14"]
[White "Gilbert, Colin"]
[Black "Ranki, Martti"]
[Result "0-1"]
[WhiteElo "1780"]
[BlackElo "1918"]
[PlyCount "64"]
[EventDate "2014.04.01"]

1. d4 d5 2. c4 c6 3. Nf3 g6 4. Bf4 Nf6 5. e3 Bg7 6. Nc3 O-O 7. h3 dxc4 8. Bxc4
b5 9. Bd3 Nbd7 10. O-O Bb7 11. a3 Rc8 12. b4 a6 13. e4 Nh5 14. Bh2 c5 15. Ne2
cxd4 16. Nfxd4 Ne5 17. Ra2 Nxd3 18. Qxd3 e5 19. g4 Nf6 20. Bxe5 Bxe4 21. Bxf6
Bxd3 22. Bxd8 Bc4 23. Rd2 Rcxd8 24. Rfd1 Rfe8 25. Ng3 Bh6 26. Rb2 Bg7 27. Rbd2
Bh6 28. Rb2 Re6 29. h4 Red6 30. g5 Bg7 31. Nge2 Bxe2 32. Rxe2 Bxd4 0-1

[Event "European Senior Team Championship 2014"]
[Site "Sibenik"]
[Date "2014.04.02"]
[Round "2.15"]
[White "Jones, Iolo C"]
[Black "Mai, Hartmut"]
[Result "1-0"]
[WhiteElo "2185"]
[BlackElo "1944"]
[PlyCount "135"]
[EventDate "2014.04.01"]

1. d4 d5 2. Nf3 Nf6 3. c4 e6 4. Nc3 c6 5. e3 Bd6 6. Bd3 Nbd7 7. O-O O-O 8. e4
dxe4 9. Nxe4 Nxe4 10. Bxe4 Nf6 11. Bc2 b6 12. Qe2 Bb7 13. Rd1 Qc7 14. h3 Rad8
15. Bg5 Be7 16. Qd3 g6 17. Qc3 Nh5 18. Bh6 Rfe8 19. Qe3 c5 20. Be4 cxd4 21.
Nxd4 Bxe4 22. Qxe4 Bf8 23. Bg5 Be7 24. Nb5 Qb8 25. Be3 Bf6 26. Qc2 Ng7 27. Bd4
Bxd4 28. Nxd4 Qc7 29. b3 a6 30. Nf3 Nf5 31. Qe2 f6 32. Rxd8 Qxd8 33. Rd1 Qe7
34. Qd3 Kf7 35. g4 Ng7 36. Qd7 Qxd7 37. Rxd7+ Re7 38. Rd6 Rb7 39. g5 Ke7 40. c5
bxc5 41. Rxa6 Rd7 42. Kf1 fxg5 43. Nxg5 h6 44. Ne4 Ne8 45. Ke2 Nf6 46. Nxf6
Kxf6 47. Ra4 Ke5 48. Rc4 Kd5 49. Rg4 g5 50. h4 gxh4 51. Rxh4 Ra7 52. a4 Rb7 53.
Rh3 c4 54. bxc4+ Kxc4 55. Rxh6 e5 56. a5 Rb2+ 57. Ke3 Ra2 58. a6 Kd5 59. Rf6
Ra3+ 60. Kd2 Ra2+ 61. Kc3 Kc5 62. Kb3 Ra1 63. f3 Ra5 64. f4 exf4 65. Rf5+ Kb6
66. Rxa5 Kxa5 67. a7 f3 68. a8=Q+ 1-0

[Event "European Senior Team Championship 2014"]
[Site "Sibenik"]
[Date "2014.04.02"]
[Round "2.15"]
[White "Baumgarten, Werner"]
[Black "Bennett, Patrick"]
[Result "0-1"]
[WhiteElo "1932"]
[BlackElo "2021"]
[PlyCount "102"]
[EventDate "2014.04.01"]

1. d4 Nf6 2. c4 g6 3. Nc3 Bg7 4. e4 d6 5. Nf3 O-O 6. h3 Nbd7 7. Bg5 h6 8. Be3
c5 9. d5 a6 10. Qd2 Kh7 11. Rd1 Qa5 12. a3 b5 13. cxb5 axb5 14. Bd3 Ba6 15. O-O
Rfb8 16. Ra1 Ne8 17. Rfb1 Qc7 18. Be2 Qc8 19. Kh2 b4 20. axb4 Rxb4 21. Bxa6
Rxa6 22. Qc2 Rab6 23. Bc1 Qb8 24. Ra2 Nc7 25. Nd2 Na6 26. Na4 Rb7 27. Qd3 Nc7
28. Nc3 Qh8 29. f4 Bd4 30. Nd1 Qf6 31. g3 e6 32. dxe6 Nxe6 33. b3 Qe7 34. Nf3
Bg7 35. Ne3 Nd4 36. Kg2 Nxf3 37. Kxf3 Rd4 38. Qc2 Nf6 39. Ra4 Rbb4 40. Rxb4
Rxb4 41. Nc4 d5 42. exd5 Nxd5 43. Bd2 Rb8 44. Qe4 Qd7 45. g4 Nf6 46. Qc2 Qd5+
47. Kg3 Ne4+ 48. Kh2 Bd4 49. Be1 Re8 50. Rd1 Nd6 51. Qg2 Bg1+ 0-1

[Event "European Senior Team Championship 2014"]
[Site "Sibenik"]
[Date "2014.04.02"]
[Round "2.15"]
[White "Van Kemenade, Rudy"]
[Black "Neudel, Bernd"]
[Result "1/2-1/2"]
[WhiteElo "2001"]
[BlackElo "1895"]
[PlyCount "108"]
[EventDate "2014.04.01"]

1. e4 c5 2. Nf3 d6 3. Bb5+ Bd7 4. Bxd7+ Qxd7 5. O-O Nc6 6. c3 Nf6 7. d4 Nxe4 8.
d5 Nd8 9. Re1 f5 10. Nbd2 Nxd2 11. Bxd2 Nf7 12. c4 Rc8 13. Bc3 Rg8 14. Qd3 g6
15. Re2 Kd8 16. b4 cxb4 17. Bxb4 Bg7 18. Rae1 Ne5 19. Nxe5 Bxe5 20. c5 dxc5 21.
Bxc5 Rxc5 22. Rxe5 b6 23. h4 Rg7 24. h5 Qd6 25. Qd4 Rf7 26. hxg6 hxg6 27. Rd1
Rf6 28. Re3 Kd7 29. Qa4+ Kd8 30. Qxa7 Ke8 31. Qa4+ Kf7 32. Qh4 Ke8 33. Qa4+ Kf7
34. Qh4 Ke8 35. Rde1 Rc7 36. Qa4+ Kf7 37. Qa8 Kg7 38. Qe8 Qxd5 39. Rxe7+ Rxe7
40. Rxe7+ Rf7 41. Re3 Rf8 42. Qa4 Rf7 43. a3 Rd7 44. Qb3 Qd6 45. Qb5 Rc7 46.
Qb2+ Qf6 47. Qd2 Re7 48. Rh3 g5 49. Rd3 Kg6 50. Qb4 Qa1+ 51. Kh2 Rh7+ 52. Rh3
Qe5+ 53. g3 Rxh3+ 54. Kxh3 Qf6 1/2-1/2

[Event "European Senior Team Championship 2014"]
[Site "Sibenik"]
[Date "2014.04.02"]
[Round "2.16"]
[White "Just, Joachim"]
[Black "Kristiansen, Erling"]
[Result "1/2-1/2"]
[WhiteElo "1982"]
[BlackElo "2189"]
[PlyCount "28"]
[EventDate "2014.04.01"]

1. d4 Nf6 2. Bg5 Ne4 3. Bf4 c5 4. c3 Qb6 5. Qb3 d5 6. e3 e6 7. Bxb8 Rxb8 8.
Bb5+ Kd8 9. Be2 Qxb3 10. axb3 a6 11. Nd2 Nxd2 12. Kxd2 b6 13. Nf3 cxd4 14. exd4
Ra8 1/2-1/2

[Event "European Senior Team Championship 2014"]
[Site "Sibenik"]
[Date "2014.04.02"]
[Round "2.16"]
[White "Dahl, Ivar M"]
[Black "Swoboda, Peter"]
[Result "0-1"]
[WhiteElo "2170"]
[BlackElo "2011"]
[PlyCount "32"]
[EventDate "2014.04.01"]

1. Nf3 d5 2. g3 Nf6 3. Bg2 c6 4. O-O Bg4 5. c4 e6 6. b3 Bd6 7. d4 O-O 8. Ba3
Bxa3 9. Nxa3 Nbd7 10. b4 Qe7 11. Qb3 Ne4 12. Qb2 f5 13. Ne5 Nxe5 14. dxe5 Ng5
15. h4 Nf7 16. f4 h6 0-1

[Event "European Senior Team Championship 2014"]
[Site "Sibenik"]
[Date "2014.04.02"]
[Round "2.16"]
[White "Reinemann, Guenter"]
[Black "Mundal, Arnold"]
[Result "0-1"]
[WhiteElo "1980"]
[BlackElo "1937"]
[PlyCount "138"]
[EventDate "2014.04.01"]

1. e4 d6 2. d4 g6 3. Nc3 Bg7 4. Be3 Nf6 5. f3 O-O 6. Qd2 e5 7. d5 c6 8. O-O-O
Qa5 9. Kb1 c5 10. Nb5 Qb6 11. g4 a6 12. Na3 Qc7 13. Nc4 b5 14. Qa5 Qxa5 15.
Nxa5 Re8 16. Be2 Nfd7 17. h4 Bf6 18. g5 Bd8 19. Nc6 Bc7 20. Nxb8 Rxb8 21. h5
Nb6 22. Nh3 c4 23. c3 Na4 24. Bd2 Bb6 25. b3 cxb3 26. axb3 Nc5 27. Kc2 Bxh3 28.
Rxh3 Nd7 29. Rdh1 Nf8 30. Kb2 Rbc8 31. Bd3 Re7 32. f4 Rce8 33. fxe5 dxe5 34.
Be3 Bxe3 35. Rxe3 gxh5 36. Ra1 Ng6 37. Rxa6 Rb7 38. Ra5 Reb8 39. Bf1 Nf4 40.
Bh3 Kg7 41. Bf5 h4 42. Ra6 Rb6 43. Ra5 h6 44. gxh6+ Kxh6 45. Ra7 Kg7 46. Kc2
Rh6 47. Bh3 Rg6 48. Ra1 Kh6 49. b4 Kh5 50. Kb3 Rg3 51. Rxg3 hxg3 52. Rh1 Nxh3
53. Rxh3+ Kg4 54. Rh1 g2 55. Ra1 Kf3 56. c4 bxc4+ 57. Kxc4 Kxe4 58. d6 Rc8+ 59.
Kb5 Kd5 60. Rd1+ Ke6 61. d7 Rd8 62. Rg1 f5 63. Rxg2 Rxd7 64. Rg8 e4 65. Kc6 e3
66. Rg2 Rd2 67. Rg1 f4 68. b5 Rc2+ 69. Kb7 f3 0-1

[Event "European Senior Team Championship 2014"]
[Site "Sibenik"]
[Date "2014.04.02"]
[Round "2.17"]
[White "Sterner, Johan"]
[Black "Lahti, Jouko"]
[Result "0-1"]
[WhiteElo "2017"]
[BlackElo "2046"]
[PlyCount "82"]
[EventDate "2014.04.01"]

1. d4 Nf6 2. c4 g6 3. Nc3 Bg7 4. e4 d6 5. Nf3 O-O 6. Be2 Nbd7 7. e5 Ne8 8. Bf4
c5 9. dxc5 Nxc5 10. h3 Ne6 11. Bg3 f6 12. exd6 exd6 13. O-O f5 14. Qd2 g5 15.
Rad1 f4 16. Bh2 h5 17. Ne4 g4 18. hxg4 hxg4 19. Ne1 Nd4 20. Nc2 Nxe2+ 21. Qxe2
Be5 22. Nxd6 Bxd6 23. c5 g3 24. Qc4+ Rf7 25. fxg3 Qc7 26. b4 fxg3 27. Rf3 gxh2+
28. Kh1 Bf4 29. Rdf1 Ng7 30. Rxf4 Be6 31. Qe4 Re8 32. Qd4 Rxf4 33. Qxf4 Qxf4
34. Rxf4 Bxa2 35. Nd4 Bd5 36. Nb5 a6 37. Nc7 Re1+ 38. Kxh2 Bc6 39. g4 Ne6 40.
Nxe6 Rxe6 41. Kg3 Re4 0-1

[Event "European Senior Team Championship 2014"]
[Site "Sibenik"]
[Date "2014.04.02"]
[Round "2.17"]
[White "Gustavsson, Sture"]
[Black "Leukkunen, Raimo"]
[Result "1-0"]
[WhiteElo "2005"]
[BlackElo "1881"]
[PlyCount "75"]
[EventDate "2014.04.01"]

1. d4 f5 2. Bg5 Nf6 3. Bxf6 exf6 4. e3 d5 5. c4 c6 6. Nc3 Bb4 7. Qb3 Bxc3+ 8.
bxc3 O-O 9. g3 dxc4 10. Bxc4+ Kh8 11. Ne2 b5 12. Bd3 a6 13. a4 g6 14. O-O Bb7
15. Nf4 Qe7 16. Ne6 Re8 17. Nc5 Ra7 18. axb5 cxb5 19. Bxb5 Rc8 20. Bd3 Rxc5 21.
dxc5 Qd7 22. Rad1 Qc6 23. f3 Kg7 24. Qb6 Ra8 25. Bc4 Nd7 26. Qxc6 Bxc6 27. Bd5
Bxd5 28. Rxd5 Ne5 29. Kg2 a5 30. Rfd1 a4 31. f4 Nc4 32. Kf3 a3 33. Rd8 Ra5 34.
R1d7+ Kh6 35. Rh8 Ne5+ 36. fxe5 a2 37. Rhxh7+ Kg5 38. h4# 1-0

[Event "European Senior Team Championship 2014"]
[Site "Sibenik"]
[Date "2014.04.02"]
[Round "2.17"]
[White "Rintakoski, Pentti"]
[Black "Svensson, Soren"]
[Result "1-0"]
[WhiteElo "1824"]
[BlackElo "1998"]
[PlyCount "65"]
[EventDate "2014.04.01"]

1. e4 e5 2. Nf3 Nc6 3. Bc4 Nf6 4. d4 exd4 5. e5 d5 6. Bb5 Ne4 7. Nxd4 Bd7 8.
Nxc6 bxc6 9. Bd3 Nc5 10. O-O Nxd3 11. cxd3 d4 12. Nd2 Be6 13. f4 Qd7 14. Ne4
Be7 15. Ng3 f5 16. Qa4 O-O 17. Bd2 Qd5 18. Rfc1 c5 19. Qa5 Bd7 20. Rc2 Bc6 21.
Be1 Rab8 22. a4 g5 23. Qd2 h6 24. Nh5 Rb3 25. Nf6+ Bxf6 26. exf6 Rxf6 27. fxg5
Rg6 28. Rac1 Rxg5 29. Bg3 Rg6 30. Rxc5 Qd7 31. Qc2 Rb6 32. a5 Ra6 33. Qc4+ 1-0

[Event "European Senior Team Championship 2014"]
[Site "Sibenik"]
[Date "2014.04.02"]
[Round "2.18"]
[White "Vehkalahti, Veli"]
[Black "White, Alastair F"]
[Result "1-0"]
[WhiteElo "1972"]
[BlackElo "2058"]
[PlyCount "91"]
[EventDate "2014.04.01"]

1. d4 d6 2. e4 Nf6 3. Nc3 e5 4. d5 c6 5. Bg5 Be7 6. Bxf6 Bxf6 7. Bd3 O-O 8.
Nge2 Nd7 9. O-O Nc5 10. Nc1 Qb6 11. Rb1 Nxd3 12. Nxd3 Be7 13. Kh1 f5 14. Nxe5
dxe5 15. d6 Qd8 16. dxe7 Qxe7 17. exf5 Bxf5 18. Qe2 Qf6 19. Rbd1 Rad8 20. Rxd8
Rxd8 21. Rd1 Rd4 22. Rxd4 exd4 23. Ne4 Qe6 24. f3 Bxe4 25. fxe4 Qxa2 26. h3 Qe6
27. Qf3 h6 28. b3 a6 29. Kg1 b5 30. Kf2 Qf7 31. Ke2 Qxf3+ 32. gxf3 c5 33. Kd3
Kf7 34. b4 cxb4 35. Kxd4 Ke6 36. Kc5 Ke5 37. Kxb4 Kd4 38. Ka5 g5 39. Kxa6 Kc4
40. Ka5 Kc5 41. e5 Kd5 42. e6 Kxe6 43. Kxb5 Kf5 44. c4 Kf4 45. c5 Kxf3 46. c6
1-0

[Event "European Senior Team Championship 2014"]
[Site "Sibenik"]
[Date "2014.04.02"]
[Round "2.18"]
[White "Patola, Eero"]
[Black "Mckerracher, Douglas"]
[Result "0-1"]
[WhiteElo "1868"]
[BlackElo "1987"]
[PlyCount "90"]
[EventDate "2014.04.01"]

1. e4 d5 2. exd5 Qxd5 3. Qf3 Nf6 4. Qxd5 Nxd5 5. c3 Bf5 6. d4 e6 7. Nf3 c5 8.
Bb5+ Nc6 9. O-O a6 10. Bxc6+ bxc6 11. Bd2 Be7 12. Re1 Rc8 13. h3 O-O 14. g4 Bg6
15. Ne5 Rfd8 16. Be3 cxd4 17. cxd4 c5 18. Nxg6 hxg6 19. dxc5 Bf6 20. Bc1 Rxc5
21. Na3 g5 22. Rb1 Nf4 23. Bxf4 gxf4 24. Re4 g5 25. Kg2 Rd2 26. Nc4 Rc2 27. Na3
Rxb2 28. Rxb2 Bxb2 29. Nc4 Bc3 30. Nb6 Ra5 31. a4 e5 32. Rc4 Bd4 33. Nd7 Kg7
34. Nb8 Ba7 35. Nc6 Rc5 36. Rxc5 Bxc5 37. Nxe5 a5 38. Kf3 Bb4 39. Ke4 Kf6 40.
f3 Ke6 41. Nd3 Bd2 42. Kd4 Kd6 43. Nf2 Be3+ 44. Ke4 Bxf2 45. Kf5 Bh4 0-1

[Event "European Senior Team Championship 2014"]
[Site "Sibenik"]
[Date "2014.04.03"]
[Round "3.1"]
[White "Vasiukov, Evgeni"]
[Black "Dvoirys, Semen I"]
[Result "1/2-1/2"]
[WhiteElo "2451"]
[BlackElo "2560"]
[PlyCount "129"]
[EventDate "2014.04.01"]

1. f4 c5 2. Nf3 Nf6 3. g3 d5 4. Bg2 Nc6 5. O-O g6 6. d3 Bg7 7. c3 O-O 8. Na3
Qc7 9. Qe1 d4 10. Bd2 Be6 11. c4 Qd7 12. Nc2 Bh3 13. b4 Bxg2 14. Kxg2 cxb4 15.
Nxb4 Rfe8 16. Kg1 Nxb4 17. Bxb4 Ng4 18. Bd2 e5 19. fxe5 Nxe5 20. Nxe5 Rxe5 21.
Bf4 Re6 22. a4 Rae8 23. Ra2 Be5 24. Bxe5 Rxe5 25. Qf2 b6 26. Qe1 Re3 27. Qf2 h5
28. Qg2 R8e5 29. Rf3 Rxf3 30. Qxf3 Kg7 31. Qf4 f6 32. Qf3 Re3 33. Qf2 Qe7 34.
Qf4 Qc5 35. Rb2 Re7 36. Kf2 g5 37. Qf3 Qa3 38. Rd2 Qc1 39. Ra2 Qb1 40. Rd2 Qc1
41. Ra2 g4 42. Qg2 Re5 43. Qg1 Qe3+ 44. Kg2 Rf5 45. Qxe3 dxe3 46. h4 Kf7 47. d4
Ke6 48. Kg1 Rf2 49. a5 Kd6 50. axb6 axb6 51. Rb2 Kc7 52. Ra2 Kc6 53. Rb2 f5 54.
Rb5 f4 55. gxf4 Rxf4 56. Rxh5 Rxd4 57. Re5 Rxc4 58. Kg2 Kd6 59. Rxe3 b5 60. Kg3
b4 61. h5 Rc3 62. Rxc3 bxc3 63. h6 c2 64. h7 c1=Q 65. h8=Q 1/2-1/2

[Event "European Senior Team Championship 2014"]
[Site "Sibenik"]
[Date "2014.04.03"]
[Round "3.1"]
[White "Gleizerov, Evgeny"]
[Black "Pushkov, Nikolai"]
[Result "1-0"]
[WhiteElo "2531"]
[BlackElo "2345"]
[PlyCount "125"]
[EventDate "2014.04.01"]

1. d4 d5 2. c4 e6 3. Nf3 Nf6 4. g3 Bb4+ 5. Bd2 Be7 6. Bg2 O-O 7. Qb3 Nbd7 8.
O-O c6 9. Bf4 dxc4 10. Qxc4 Nb6 11. Qc2 Nbd5 12. Bd2 Nb4 13. Qa4 a5 14. a3 Nbd5
15. Qc2 a4 16. e4 Nb6 17. Rd1 Bd7 18. Ne5 Be8 19. Be3 Nbd7 20. Nxd7 Bxd7 21.
Nc3 Qa5 22. h3 Rfc8 23. Qe2 Be8 24. g4 g6 25. g5 Nh5 26. d5 Rd8 27. f4 Bc5 28.
Qf2 Bxe3 29. Qxe3 Qc7 30. Rf1 e5 31. f5 Nf4 32. f6 b5 33. Kh2 c5 34. Rac1 Qd6
35. Ne2 Nxe2 36. Qxe2 Rab8 37. Rf3 Rdc8 38. h4 Bd7 39. Rfc3 b4 40. axb4 Rxb4
41. h5 h6 42. hxg6 fxg6 43. Qd2 h5 44. Rxc5 Rcb8 45. R5c2 Kf7 46. Qf2 R8b7 47.
Rd2 R4b5 48. Rcc2 R7b6 49. Bf3 Rb8 50. Kg2 Rb3 51. Qe2 h4 52. Kh2 a3 53. bxa3
Rxa3 54. Rb2 Rbb3 55. Rxb3 Rxb3 56. Qf2 Qa3 57. Bg2 Rg3 58. Ra2 Rh3+ 59. Bxh3
Qxh3+ 60. Kg1 Qg4+ 61. Qg2 Qd1+ 62. Kh2 h3 63. Qf2 1-0

[Event "European Senior Team Championship 2014"]
[Site "Sibenik"]
[Date "2014.04.03"]
[Round "3.1"]
[White "Mishuchkov, Nikolai M"]
[Black "Gavrilov, Alexei"]
[Result "0-1"]
[WhiteElo "2312"]
[BlackElo "2466"]
[PlyCount "164"]
[EventDate "2014.04.01"]

1. d4 Nf6 2. Nf3 e6 3. c4 c5 4. e3 d5 5. cxd5 exd5 6. Bb5+ Nc6 7. O-O cxd4 8.
exd4 Be7 9. Nc3 O-O 10. h3 Ne4 11. Qb3 Be6 12. Bxc6 bxc6 13. Ne5 Rc8 14. Qa4
Qc7 15. Be3 Nxc3 16. bxc3 Bf5 17. Rfd1 Bd6 18. c4 c5 19. Nf3 dxc4 20. Qxc4 cxd4
21. Qxd4 Ba3 22. Re1 a5 23. Qb6 Qxb6 24. Bxb6 Bb2 25. Rad1 a4 26. Nd4 Bg6 27.
Re2 a3 28. f4 f6 29. f5 Bh5 30. g4 Bf7 31. Ne6 Rfe8 32. Bd4 Bxe6 33. fxe6 Rcd8
34. Red2 Rxd4 35. Rxd4 Bxd4+ 36. Rxd4 Rxe6 37. Rd3 Ra6 38. Kf2 Kf7 39. Kg3 Kg6
40. Rd5 Ra7 41. Rb5 Kf7 42. Rb6 Ra5 43. Rb7+ Kg6 44. Rc7 h5 45. Rb7 Kh6 46. Rc7
g6 47. Rc6 Rd5 48. Rc3 h4+ 49. Kf4 Ra5 50. Rb3 g5+ 51. Ke4 Kg6 52. Rc3 f5+ 53.
gxf5+ Rxf5 54. Rxa3 Rf2 55. Ra6+ Kh5 56. Ra3 Rg2 57. Ra8 Rg3 58. Rh8+ Kg6 59.
Rg8+ Kh6 60. Rh8+ Kg7 61. Rb8 Rxh3 62. Kf5 Rg3 63. a4 h3 64. Rb1 Kh6 65. Rb8 g4
66. a5 Kg7 67. Rb7+ Kg8 68. Rb8+ Kg7 69. Rb7+ Kh6 70. Rb8 Kg7 71. Rb7+ Kf8 72.
a6 h2 73. Rb1 Rg1 74. a7 h1=Q 75. Rb8+ Ke7 76. a8=Q Qh5+ 77. Ke4 Re1+ 78. Kd3
Qf5+ 79. Kd4 Qe5+ 80. Kd3 Re3+ 81. Kc4 Rc3+ 82. Kb4 Qc5+ 0-1

[Event "European Senior Team Championship 2014"]
[Site "Sibenik"]
[Date "2014.04.03"]
[Round "3.1"]
[White "Balashov, Yuri S"]
[Black "Chernikov, Oleg L"]
[Result "1/2-1/2"]
[WhiteElo "2446"]
[BlackElo "2372"]
[PlyCount "55"]
[EventDate "2014.04.01"]

1. c4 e6 2. d4 d5 3. Nf3 a6 4. e3 Nf6 5. Nbd2 c5 6. b3 cxd4 7. exd4 Nc6 8. Bb2
Be7 9. Be2 b6 10. O-O Bb7 11. Rc1 O-O 12. Bd3 Qb8 13. Re1 Rd8 14. Qe2 Qf4 15.
Qe3 Qxe3 16. fxe3 b5 17. c5 b4 18. a3 a5 19. Bb5 Ne4 20. a4 f5 21. Nxe4 fxe4
22. Ne5 Rac8 23. Nxc6 Bxc6 24. Rf1 Rf8 25. Rxf8+ Kxf8 26. Rf1+ Ke8 27. Kf2 Kd7
28. Ke2 1/2-1/2

[Event "European Senior Team Championship 2014"]
[Site "Sibenik"]
[Date "2014.04.03"]
[Round "3.3"]
[White "Karlsson, Lars"]
[Black "Hulak, Krunoslav"]
[Result "1-0"]
[WhiteElo "2408"]
[BlackElo "2475"]
[PlyCount "81"]
[EventDate "2014.04.01"]

1. g3 e5 2. c4 Nf6 3. Bg2 d5 4. cxd5 Nxd5 5. Nc3 Nb6 6. d3 Be7 7. a4 a5 8. Be3
O-O 9. Bxb6 cxb6 10. Nf3 Nc6 11. O-O Be6 12. Nd2 f5 13. Nb5 Bc5 14. Rc1 Qe7 15.
Nb3 Rac8 16. Nxc5 bxc5 17. Qd2 b6 18. Qe3 Bb3 19. Bxc6 Rxc6 20. d4 Bxa4 21.
dxe5 f4 22. Qd3 Rh6 23. Qd5+ Qe6 24. Nc7 Qxd5 25. Nxd5 fxg3 26. hxg3 Bb3 27. e4
Rf3 28. Rc3 Rxc3 29. Nxc3 Kf7 30. f4 b5 31. Nxb5 Rc6 32. Rc1 c4 33. Kf2 Rb6 34.
Nd6+ Ke6 35. Ke3 Ba2 36. Nxc4 Bxc4 37. Rxc4 Rxb2 38. Rc7 Rb3+ 39. Kf2 g5 40.
Rxh7 gxf4 41. gxf4 1-0

[Event "European Senior Team Championship 2014"]
[Site "Sibenik"]
[Date "2014.04.03"]
[Round "3.3"]
[White "Cebalo, Miso"]
[Black "Wahlbom, Magnus"]
[Result "1/2-1/2"]
[WhiteElo "2418"]
[BlackElo "2291"]
[PlyCount "117"]
[EventDate "2014.04.01"]

1. c4 Nf6 2. g3 e5 3. Bg2 d5 4. cxd5 Nxd5 5. Nc3 Nb6 6. Nf3 Nc6 7. O-O Be7 8.
a3 a5 9. d3 Be6 10. Be3 f5 11. Rc1 O-O 12. Na4 Nxa4 13. Qxa4 Bd5 14. Rfd1 Kh8
15. Bc5 Bxc5 16. Rxc5 Qd6 17. Rdc1 Rad8 18. Qh4 h6 19. e3 Rd7 20. d4 exd4 21.
Nxd4 Bxg2 22. Kxg2 Nxd4 23. Qxd4 Qxd4 24. exd4 c6 25. Rxa5 Rxd4 26. Ra7 Rb8 27.
Rc5 f4 28. g4 Rd3 29. b4 Rd5 30. Rc4 g5 31. Re4 Rd3 32. Re6 Rd7 33. Rxc6 bxc6
34. Rxd7 Ra8 35. Rd3 Kg7 36. h4 gxh4 37. Kh3 Kf7 38. Kxh4 Ke6 39. f3 Ke5 40.
Kh5 Ra6 41. Kh4 Ra8 42. Kh3 Rg8 43. Rc3 Ra8 44. Rc4 Rxa3 45. Re4+ Kf6 46. Rxf4+
Kg6 47. Kg3 Rc3 48. Rd4 h5 49. gxh5+ Kxh5 50. Kf4 Kg6 51. Ke5 Rxf3 52. Kd6 Rc3
53. Re4 Kf7 54. Re7+ Kf8 55. Rb7 Rc4 56. Kd7 Kf7 57. Rb6 Kf8 58. Ke6 Re4+ 59.
Kd6 1/2-1/2